00535nam a2200193 a 4500001001300000003000900013005001700022008004100039020002300080082001600103100001900119245003900138260004200177300000900219500003500228505003700263650002200300700001900322nice12345678IN_TiNIC20260116013127.0050524s1988 graa grp 000 0 eng  a0801057 c24500a226.06bMCK aMcknight, Scot aInterpreting the Synoptic Gospels. aGrand RapidsbBaker Book House c1988 a141p aincludes index and biblioraphy2 aguides to new testament exegesis aBible N.T. Gospel1 aMcknight, Scot